Curing characteristics of new presentation natural rubber (Record no. 56642)

MARC details
000 -LEADER
fixed length control field 00367nam a2200145Ia 4500
100 ## - MAIN ENTRY--AUTHOR NAME
Personal name Sin S W
245 #0 - TITLE STATEMENT
Title Curing characteristics of new presentation natural rubber
260 ## - PUBLICATION, DISTRIBUTION, ETC. (IMPRINT)
Name of publisher Planters Bulletin
Year of publication 1969
300 ## - PHYSICAL DESCRIPTION
Number of Pages 275-281
650 ## - SUBJECT ADDED ENTRY--TOPICAL TERM
Topical Term Curing
650 ## - SUBJECT ADDED ENTRY--TOPICAL TERM
Topical Term Natural rubber
700 ## - ADDED ENTRY--PERSONAL NAME
Personal name Hon K K
942 ## - ADDED ENTRY ELEMENTS (KOHA)
Koha item type Journals
Holdings
Withdrawn status Lost status Damaged status Not for loan Home library Current library Shelving location Date acquired Serial Enumeration / chronology Koha item type
      Journals RRII Library RRII Library Rubber chemistry 17/12/2021 Volume 105, Issue Journals